Statistics for Marquette Head Basketball Coaches by Picture

Click here to take the quiz!

General Stats

  • This quiz has been taken 4 times
  • The average score is 9 of 18

Answer Stats

Answer% Correct
Al McGuire
100%
Rick Majerus
100%
Buzz Williams
67%
Hank Raymonds
67%
Kevin O'Neill
67%
Shaka Smart
67%
Tom Crean
67%
Bill Chandler
33%
Bob Dukiet
33%
Cord Lipe
33%
Eddie Hickey
33%
Frank Murray
33%
Jack Nagle
33%
John J. Ryan
33%
Mike Deane
33%
Ralph Risch
33%
Steve Wojciechowski
33%
Tex Winter
33%

Score Distribution

Percentile by Number Answered

Percent of People with Each Score

Your Score History

You have not taken this quiz